| 000 | 01439nam0a22002891 4500 | ||
|---|---|---|---|
| 001 | rc\74908 | ||
| 005 | 20250612182658.0 | ||
| 035 | _a(NLR Aleph) 008780477 | ||
| 090 |
_a7979192 _c7979192 |
||
| 100 | _a20021216d1991 |||y0rusy50 ca | ||
| 101 | 0 | _arus | |
| 102 | _aRU | ||
| 105 | _aa ||||||||| | ||
| 200 | 1 |
_aЖелезобетонные силосы и силосные корпуса _e(Основы проектирования) _eУчеб. пособие [для студентов спец. 2903 "Пром. и гражд. стр-во", 2903.03 "С.-х. стр-во"] _fГос. ком. РСФСР по делам науки и высш. шк. Рост. инж.-строит. ин-т |
|
| 210 |
_aРостов н/Д _cРост. инженер.-строит. ин-т _d1991 |
||
| 215 |
_a71 с. _cил. _d20 |
||
| 300 | _aВ вып. дан. авт.: к. т. н. С.А. Семенов | ||
| 320 | _aБиблиогр.: с. 57 | ||
| 606 | 1 |
_aСилосные сооружения железобетонные _jРуководства, пособия и т.п. _2nlr_sh1 |
|
| 700 | 1 |
_7ca _8rus _aСеменов _bС. А. _cканд. техн. наук, строит. конструкции _gСергей Александрович _9241880 _3RU\NLR\AUTH\770241936 |
|
| 801 | 0 |
_aRU _bNLR _gpsbo |
|
| 801 | 1 |
_aRU _bELAR _2rusmarc |
|
| 801 | 2 |
_aRU _bNLR _c20050414 _2rusmarc |
|
| 852 |
_aNLR _j91-4/1629 |
||
| 942 | _cBOOK | ||
| 980 | _aNB | ||